[Event "Bayern-chI Bank Hofmann 26th"]
[Site "Tegernsee"]
[Date "2023.10.29"]
[Round "2"]
[White "Cordes, Hans Joerg"]
[Black "Morawietz, Dieter"]
[Result "0-1"]
[WhiteElo "2146"]
[BlackElo "2378"]
[PlyCount "85"]
[EventDate "2023.10.28"]
[EventType "swiss"]
[EventRounds "9"]
[EventCountry "GER"]
[SourceTitle "Mega2024 Update 01"]
[Source "Chessbase"]
[SourceDate "2023.11.12"]
[SourceVersion "1"]
[SourceVersionDate "2023.11.12"]
[SourceQuality "1"]

1. d4 Nf6 2. c4 e6 3. Nc3 Bb4 4. e3 b6 5. Nge2 Ba6 6. a3 Be7 7. Nf4 d5 8. cxd5 Bxf1 9. Kxf1 Nxd5 10. Ncxd5 exd5 11. Qh5 Bg5 12. Ne6 g6 13. Qxg5 fxe6 14. Qe5 Kd7 15. Qg7+ Kc8 16. Bd2 Nd7 17. Rc1 Qf6 18. Qxf6 Nxf6 19. Ke2 Kd7 20. Rc2 Rac8 21. Rhc1 Rhe8 22. f3 c6 23. Bc3 Ng8 24. b3 Nh6 25. e4 Nf7 26. e5 c5 27. dxc5 Rxc5 28. Bd4 Rxc2+ 29. Rxc2 Nd8 30. Ke3 Nc6 31. g4 Rf8 32. Rd2 g5 33. Rd3 Ne7 34. Rc3 Rf4 35. Rc2 h5 36. h3 Nc6 37. Rd2 h4 38. Rd3 Ke7 39. Bc3 Rf7 40. Bd4 Kd7 41. Rd1 Rf4 42. Rd3 Kc7 43. Bb2 0-1

[Event "Vlissingen HZ op 24th"]
[Site "Vlissingen"]
[Date "2022.08.13"]
[Round "9"]
[White "Van Wijk, Peter"]
[Black "Cordes, Hans Joerg"]
[Result "0-1"]
[WhiteElo "2016"]
[BlackElo "2154"]
[PlyCount "108"]
[EventDate "2022.08.06"]
[EventType "swiss"]
[EventRounds "9"]
[EventCountry "NED"]
[SourceTitle "CBM 209 Extra"]
[Source "ChessBase"]
[SourceDate "2022.09.30"]
[SourceVersion "1"]
[SourceVersionDate "2022.09.30"]
[SourceQuality "1"]

1. e4 c5 2. Nf3 d6 3. d4 cxd4 4. Nxd4 Nf6 5. Nc3 a6 6. f3 e5 7. Nb3 Be7 8. Be3 h5 9. Qd2 Be6 10. Nd5 Bxd5 11. exd5 Nbd7 12. c4 a5 13. Rc1 b6 14. Be2 Nc5 15. Nxc5 bxc5 16. Bd3 Nd7 17. Rc3 0-0 18. 0-0 f5 19. Rb3 Rb8 20. Rxb8 Nxb8 21. g4 e4 22. fxe4 fxg4 23. Rxf8+ Bxf8 24. e5 dxe5 25. Qf2 Nd7 26. Qf5 Nf6 27. Qe6+ Kh8 28. Qxe5 Bd6 29. Qe6 Qb8 30. Bg5 Qxb2 31. Qxd6 Qd4+ 32. Kg2 Qxd3 33. Bxf6 Qf3+ 34. Kg1 gxf6 35. Qxc5 Qd1+ 36. Kg2 Qc2+ 37. Qf2 Qe4+ 38. Kg1 Kg7 39. Qd2 Qxc4 40. Qxa5 Qd4+ 41. Kg2 Kg6 42. Qb5 Qe4+ 43. Kg1 h4 44. a4 h3 45. Kf2 Qf3+ 46. Ke1 Qh1+ 47. Kd2 Qxh2+ 48. Kd3 Qe5 49. Kc4 Qe2+ 50. Kc5 Qxb5+ 51. axb5 h2 52. b6 h1Q 53. b7 Qb1 54. Kc6 Kf7 0-1

[Event "Vlissingen HZ op 24th"]
[Site "Vlissingen"]
[Date "2022.08.12"]
[Round "8"]
[White "Cordes, Hans Joerg"]
[Black "Bazilius, Augustinas"]
[Result "1/2-1/2"]
[WhiteElo "2154"]
[BlackElo "2045"]
[PlyCount "103"]
[EventDate "2022.08.06"]
[EventType "swiss"]
[EventRounds "9"]
[EventCountry "NED"]
[SourceTitle "CBM 209 Extra"]
[Source "ChessBase"]
[SourceDate "2022.09.30"]
[SourceVersion "1"]
[SourceVersionDate "2022.09.30"]
[SourceQuality "1"]

1. d4 Nf6 2. Nc3 g6 3. Bf4 d6 4. e4 c6 5. Qd2 Bg7 6. Bh6 Bxh6 7. Qxh6 e5 8. Nf3 Nbd7 9. Bc4 exd4 10. Nxd4 Ne5 11. Be2 Neg4 12. Qg5 Nxf2 13. 0-0 N2xe4 14. Nxe4 Nxe4 15. Qxd8+ Kxd8 16. Rxf7 Re8 17. Raf1 c5 18. Nb5 Ng5 19. Rf8 Ne6 20. Rxe8+ Kxe8 21. Re1 a6 22. Nxd6+ Ke7 23. Ne4 Bd7 24. Bg4 Rc8 25. Ng5 Rc6 26. Nxh7 Kd6 27. Rd1+ Ke7 28. Rxd7+ Kxd7 29. Nf8+ Ke7 30. Nxe6 Rd6 31. Nxc5 Rd2 32. Nxb7 Rxc2 33. a4 Rc4 34. Be2 Rxa4 35. Nc5 Ra2 36. Nxa6 Rxb2 37. Kf2 Kd6 38. Ke3 Rb3+ 39. Kd2 Rb2+ 40. Ke3 Rb3+ 41. Kf2 Rb2 42. h4 Rb3 43. Bc4 Ra3 44. g3 Kc6 45. Be2 Rb3 46. g4 Kd6 47. g5 Rh3 48. Nb4 Rxh4 49. Nd3 Ra4 50. Ke3 Ra3 51. Bf3 Rxd3+ 52. Kxd3 1/2-1/2

[Event "Vlissingen HZ op 24th"]
[Site "Vlissingen"]
[Date "2022.08.06"]
[Round "1"]
[White "De Feijter, David"]
[Black "Cordes, Hans Joerg"]
[Result "0-1"]
[WhiteElo "1758"]
[BlackElo "2154"]
[PlyCount "70"]
[EventDate "2022.08.06"]
[EventType "swiss"]
[EventRounds "9"]
[EventCountry "NED"]
[SourceTitle "CBM 209 Extra"]
[Source "ChessBase"]
[SourceDate "2022.09.30"]
[SourceVersion "1"]
[SourceVersionDate "2022.09.30"]
[SourceQuality "1"]

1. c4 e6 2. Nc3 Nf6 3. g3 d5 4. cxd5 exd5 5. Bg2 Be7 6. e3 0-0 7. Nge2 c6 8. Qc2 Na6 9. a3 g6 10. b4 Bf5 11. Qb3 Qd7 12. 0-0 Bh3 13. Bb2 Rad8 14. Rac1 Rfe8 15. Nf4 Bxg2 16. Kxg2 h5 17. h4 Nh7 18. Qc2 Bf6 19. Nce2 Nc7 20. Rh1 Ra8 21. Rb1 Nb5 22. a4 Nd6 23. Nd4 Nc4 24. Bc1 Rac8 25. Nb3 b6 26. a5 Be5 27. Nxg6 fxg6 28. Qxg6+ Qg7 29. Qxh5 Re6 30. Qe2 Rg6 31. Rh3 Bd6 32. d3 Ne5 33. Bb2 Qd7 34. Qh5 Qf7 35. Bxe5 Rxg3+ 0-1

[Event "London Classic op 11th"]
[Site "London"]
[Date "2019.12.05"]
[Round "8"]
[White "Ifalore, Michael"]
[Black "Cordes, Hans Joerg"]
[Result "1-0"]
[WhiteElo "1989"]
[BlackElo "2188"]
[PlyCount "67"]
[EventDate "2019.11.29"]
[EventType "swiss"]
[EventRounds "9"]
[EventCountry "ENG"]
[SourceTitle "CBM 193 Extra"]
[Source "ChessBase"]
[SourceDate "2020.01.31"]
[SourceVersion "1"]
[SourceVersionDate "2020.01.31"]
[SourceQuality "1"]

1. e4 e6 2. d4 d5 3. Nd2 Be7 4. e5 c5 5. c3 Nc6 6. Bd3 cxd4 7. cxd4 Qb6 8. Ndf3 Bd7 9. Ne2 Rc8 10. 0-0 Nb4 11. Bb1 Qa6 12. Bd2 Ba4 13. b3 Bb5 14. Re1 Nd3 15. Bxd3 Bxd3 16. Rc1 Rxc1 17. Bxc1 Bb4 18. Bd2 Ba3 19. Nf4 Ne7 20. Re3 Be4 21. Ng5 Bg6 22. Qf3 Nf5 23. Nxg6 hxg6 24. g4 Be7 25. gxf5 Bxg5 26. Rc3 Bd8 27. fxg6 0-0 28. Qg4 Qxa2 29. Bc1 Qb1 30. gxf7+ Rxf7 31. Rc8 Rf8 32. Qxe6+ Kh7 33. Qxd5 Rf5 34. Qxd8 1-0

[Event "Bayern-chI Bank Hofmann 23rd"]
[Site "Tegernsee"]
[Date "2019.10.29"]
[Round "4"]
[White "Marin, Mihail"]
[Black "Cordes, Hans Joerg"]
[Result "1/2-1/2"]
[WhiteElo "2524"]
[BlackElo "2188"]
[PlyCount "54"]
[EventDate "2019.10.26"]
[EventType "swiss"]
[EventRounds "9"]
[EventCountry "GER"]
[SourceTitle "CBM 192 Extra"]
[Source "Chessbase"]
[SourceDate "2019.11.06"]
[SourceVersion "1"]
[SourceVersionDate "2019.11.06"]
[SourceQuality "1"]

1. c4 e5 2. g3 Nf6 3. Bg2 Nc6 4. Nc3 Bc5 5. Nf3 0-0 6. 0-0 d5 7. cxd5 Nxd5 8. d3 Bb6 9. Na4 f6 10. b3 Be6 11. Ba3 Re8 12. Rc1 Qd7 13. Nc5 Bxc5 14. Rxc5 Ndb4 15. Rb5 a5 16. Rxb7 Nd8 17. Bxb4 Nxb7 18. Bc3 Bd5 19. Qc2 a4 20. Rc1 axb3 21. axb3 e4 22. dxe4 Bxe4 23. Ne5 Bxc2 24. Nxd7 Be4 25. Bxe4 Rxe4 26. Bxf6 Nd6 27. Bg5 Rxe2 1/2-1/2

[Event "Vlissingen HZ op 23rd"]
[Site "Vlissingen"]
[Date "2019.08.08"]
[Round "7"]
[White "Ikonnikov, Vyacheslav"]
[Black "Cordes, Hans Joerg"]
[Result "1-0"]
[WhiteElo "2497"]
[BlackElo "2178"]
[PlyCount "87"]
[EventDate "2019.08.03"]
[EventType "swiss"]
[EventRounds "9"]
[EventCountry "NED"]
[SourceTitle "CBM 191 Extra"]
[Source "ChessBase"]
[SourceDate "2019.09.30"]
[SourceVersion "1"]
[SourceVersionDate "2019.09.30"]
[SourceQuality "1"]

1. d4 e6 2. c4 Nf6 3. Nf3 d5 4. Nc3 Be7 5. Bg5 h6 6. Bxf6 Bxf6 7. e3 c6 8. Rc1 Nd7 9. a3 0-0 10. h3 g6 11. Bd3 Bg7 12. 0-0 dxc4 13. Bxc4 e5 14. Ba2 Qe7 15. Qc2 Kh8 16. d5 Nf6 17. e4 Nh5 18. Rfd1 Qf6 19. dxc6 bxc6 20. Ne2 Rb8 21. Rd3 Ba6 22. Rc3 Rb6 23. b4 Rd8 24. Bc4 Bc8 25. Rd1 Rxd1+ 26. Qxd1 Bf8 27. Rd3 Be7 28. Qa1 Bd6 29. Rxd6 Qxd6 30. Nxe5 Qf6 31. g4 Kh7 32. gxh5 Bxh3 33. Bxf7 gxh5 34. Bg6+ Kg7 35. Ng3 Kg8 36. Nxh5 Qg5+ 37. Ng3 c5 38. bxc5 Rxg6 39. Nxg6 Qxg6 40. Qe5 a6 41. Kh2 Bg4 42. Kg2 Bd7 43. f3 Kf7 44. Kf2 1-0

[Event "Vlissingen HZ op 23rd"]
[Site "Vlissingen"]
[Date "2019.08.03"]
[Round "1"]
[White "Cordes, Hans Joerg"]
[Black "Freeke, Kees"]
[Result "1-0"]
[WhiteElo "2178"]
[BlackElo "1723"]
[PlyCount "61"]
[EventDate "2019.08.03"]
[EventType "swiss"]
[EventRounds "9"]
[EventCountry "NED"]
[SourceTitle "CBM 191 Extra"]
[Source "ChessBase"]
[SourceDate "2019.09.30"]
[SourceVersion "1"]
[SourceVersionDate "2019.09.30"]
[SourceQuality "1"]

1. d4 d5 2. Nf3 e6 3. c4 c5 4. cxd5 exd5 5. Nc3 Nf6 6. Bg5 Be7 7. dxc5 Be6 8. Rc1 0-0 9. e3 Nc6 10. Bd3 Bxc5 11. 0-0 Be7 12. Bb1 h6 13. Bh4 Qd7 14. Qd3 g6 15. Nd4 Nxd4 16. Qxd4 g5 17. Bg3 Nh5 18. Be5 f5 19. Rfd1 Nf6 20. a3 a6 21. Na4 Qe8 22. Nb6 Rd8 23. Bc7 Rf7 24. Qe5 Bd7 25. Bxd8 Qxd8 26. Nxd5 Ng4 27. Nxe7+ Rxe7 28. Qd5+ Kg7 29. Bxf5 Nf6 30. Qd6 Qa5 31. Qxe7+ 1-0

[Event "Bayern-chI Bank Hofmann 22nd"]
[Site "Tegernsee"]
[Date "2018.10.28"]
[Round "2"]
[White "Cordes, Hans Joerg"]
[Black "Zanan, Evgeny"]
[Result "0-1"]
[WhiteElo "2202"]
[BlackElo "2514"]
[PlyCount "100"]
[EventDate "2018.10.27"]
[EventType "swiss"]
[EventRounds "9"]
[EventCountry "GER"]
[SourceTitle "CBM 187 Extra"]
[Source "ChessBase"]
[SourceDate "2018.11.04"]
[SourceVersion "1"]
[SourceVersionDate "2018.11.04"]
[SourceQuality "1"]

1. d4 Nf6 2. c4 g6 3. Nc3 Bg7 4. Nf3 0-0 5. Bg5 h6 6. Bh4 d6 7. e3 Nbd7 8. Be2 e5 9. dxe5 dxe5 10. 0-0 Re8 11. Qc2 c6 12. Rad1 Qe7 13. Nd2 a5 14. Nde4 g5 15. Bg3 Nxe4 16. Nxe4 f5 17. Nd6 f4 18. Nxe8 Qxe8 19. exf4 exf4 20. Bxf4 gxf4 21. Rd6 Nf6 22. Rd4 Be6 23. Rxf4 Bf7 24. Bd3 Rd8 25. Rf3 Ng4 26. Bf5 Rd4 27. b3 Qe7 28. h3 Ne5 29. Re3 Qd6 30. Rg3 Kf8 31. Qc3 Rf4 32. Qc2 Rd4 33. Qc3 b6 34. Qe3 c5 35. Bc2 Nc6 36. Qf3 Rf4 37. Qd3 Qxd3 38. Bxd3 Bd4 39. Rg4 Rf6 40. Be4 Ne5 41. Rh4 Be8 42. g3 h5 43. Kg2 Ng6 44. Bxg6 Bxg6 45. f4 Re6 46. f5 Re2+ 47. Kf3 Re3+ 48. Kf4 Be8 49. g4 Re2 50. g5 Rf2+ 0-1

[Event "Hessenliga 1718"]
[Site "Hessen"]
[Date "2018.03.11"]
[Round "8.2"]
[White "Cordes, Hans Joerg"]
[Black "Hankel, Dennis"]
[Result "1/2-1/2"]
[WhiteElo "2222"]
[BlackElo "2128"]
[PlyCount "114"]
[EventDate "2017.09.17"]
[EventType "team-tourn"]
[EventRounds "9"]
[EventCountry "GER"]
[SourceTitle "CBM 189 Extra"]
[Source "ChessBase"]
[SourceDate "2019.06.03"]
[SourceVersion "1"]
[SourceVersionDate "2019.06.03"]
[SourceQuality "1"]
[WhiteTeam "Offenbach"]
[BlackTeam "Neuberg II"]
[WhiteTeamCountry "GER"]
[BlackTeamCountry "GER"]

1. d4 d5 2. c4 c6 3. Nc3 e6 4. e4 Bb4 5. e5 c5 6. a3 Bxc3+ 7. bxc3 Ne7 8. Nf3 Nbc6 9. Bd3 b6 10. Bg5 h6 11. Bxe7 Nxe7 12. cxd5 Qxd5 13. Qe2 Bb7 14. Bb5+ Bc6 15. Bc4 Qe4 16. dxc5 Qxe2+ 17. Kxe2 bxc5 18. Rab1 0-0-0 19. Bb5 Kc7 20. Bxc6 Kxc6 21. c4 Rb8 22. Rhd1 Rxb1 23. Rxb1 Rd8 24. Rd1 Rb8 25. Rd6+ Kc7 26. Ne1 Nf5 27. Ra6 Rb2+ 28. Kd3 Kb7 29. Ra4 Rxf2 30. Ra5 Rb2 31. Kc3 Kb6 32. Nd3 Kxa5 33. Kxb2 Kb6 34. Kc3 Ne3 35. Ne1 Kc6 36. Kd3 Nf5 37. Nf3 Ne7 38. g4 Kd7 39. h4 g6 40. Nd2 Nc6 41. Nf3 Ke7 42. g5 h5 43. Kc3 Kd7 44. a4 Kc7 45. Kb2 Kb6 46. Ka3 Nd4 47. Nd2 Nf5 48. Nf3 Ka5 49. Kb3 Ka6 50. Ka3 Kb6 51. Kb2 Ne3 52. Nd2 Ka5 53. Ka3 Nc2+ 54. Kb3 Nd4+ 55. Ka3 Nc6 56. Nf3 Kb6 57. Kb2 Ka5 1/2-1/2

[Event "Hessenliga 1718"]
[Site "Hessen"]
[Date "2018.01.14"]
[Round "5.2"]
[White "Bajramovic, Bego"]
[Black "Cordes, Hans Joerg"]
[Result "1/2-1/2"]
[WhiteElo "2118"]
[BlackElo "2222"]
[PlyCount "105"]
[EventDate "2017.09.17"]
[EventType "team-tourn"]
[EventRounds "9"]
[EventCountry "GER"]
[SourceTitle "CBM 189 Extra"]
[Source "ChessBase"]
[SourceDate "2019.06.03"]
[SourceVersion "1"]
[SourceVersionDate "2019.06.03"]
[SourceQuality "1"]
[WhiteTeam "Giessen"]
[BlackTeam "Offenbach"]
[WhiteTeamCountry "GER"]
[BlackTeamCountry "GER"]

1. e4 e6 2. d4 d5 3. Nc3 Nf6 4. Bg5 dxe4 5. Bxf6 gxf6 6. Nxe4 f5 7. Ng3 c5 8. dxc5 Qa5+ 9. c3 Qxc5 10. Nf3 Nc6 11. Nh5 Bh6 12. g4 fxg4 13. Nf6+ Ke7 14. Nxg4 Bf4 15. Qd3 f5 16. Ne3 Rd8 17. Qc4 Qxc4 18. Bxc4 b6 19. Rg1 Kf6 20. h4 Bb7 21. Ng5 Ne5 22. Nxh7+ Kf7 23. Be2 Nf3+ 24. Bxf3 Bxf3 25. Ng5+ Bxg5 26. hxg5 f4 27. Ng2 e5 28. Nh4 Bh5 29. f3 Rd3 30. Rd1 Rxd1+ 31. Kxd1 e4 32. Ke2 Rd8 33. g6+ Kf6 34. Rg2 Rg8 35. Kf2 e3+ 36. Ke2 Rg7 37. Rg1 Bxg6 38. Rg4 Bb1 39. Rxf4+ Ke5 40. Kxe3 Bxa2 41. Rf5+ Ke6 42. Rh5 Bb1 43. f4 Rg3+ 44. Nf3 Bc2 45. Rg5 Rh3 46. Kf2 Kf6 47. Kg2 Rh7 48. Re5 Rg7+ 49. Rg5 Rh7 50. Nd4 Be4+ 51. Kg3 Rh1 52. Kf2 Bb7 53. Rf5+ 1/2-1/2

[Event "Vlissingen HZ op 21st"]
[Site "Vlissingen"]
[Date "2017.08.10"]
[Round "7"]
[White "Cordes, Hans Joerg"]
[Black "Galle, Andre"]
[Result "1-0"]
[WhiteElo "2221"]
[BlackElo "2025"]
[PlyCount "83"]
[EventDate "2017.08.05"]
[EventType "swiss"]
[EventRounds "9"]
[EventCountry "NED"]
[SourceTitle "CBM 179 Extra"]
[Source "ChessBase"]
[SourceDate "2017.08.23"]
[SourceVersion "1"]
[SourceVersionDate "2017.08.23"]
[SourceQuality "1"]

1. d4 Nf6 2. Nf3 b6 3. e3 Bb7 4. Bd3 d6 5. c4 Nbd7 6. Nc3 g6 7. e4 e5 8. d5 Bg7 9. h3 Nc5 10. Bc2 0-0 11. g4 a6 12. Be3 c6 13. b4 cxd5 14. cxd5 Ncd7 15. Bd3 Rc8 16. Rc1 b5 17. a4 bxa4 18. Nxa4 Rxc1 19. Qxc1 Qb8 20. Qb1 Rc8 21. Nd2 Bf8 22. 0-0 Be7 23. f3 h5 24. Nc4 hxg4 25. hxg4 Nh7 26. Qc1 Rf8 27. Rf2 Qd8 28. Na5 Ba8 29. Nc6 Qe8 30. Bxa6 Bh4 31. Rh2 Bg3 32. Rh3 Bf4 33. Bxf4 exf4 34. Qxf4 f5 35. gxf5 Rxf5 36. Qxd6 Ng5 37. Ne7+ Kf7 38. Qxg6+ Kxe7 39. Qxf5 Nxh3+ 40. Qxh3 Nf8 41. Nc5 Kd6 42. Qg3+ 1-0

[Event "Vlissingen HZ op 21st"]
[Site "Vlissingen"]
[Date "2017.08.09"]
[Round "6"]
[White "Verwoert, Jef"]
[Black "Cordes, Hans Joerg"]
[Result "1/2-1/2"]
[WhiteElo "1979"]
[BlackElo "2221"]
[PlyCount "85"]
[EventDate "2017.08.05"]
[EventType "swiss"]
[EventRounds "9"]
[EventCountry "NED"]
[SourceTitle "CBM 179 Extra"]
[Source "ChessBase"]
[SourceDate "2017.08.23"]
[SourceVersion "1"]
[SourceVersionDate "2017.08.23"]
[SourceQuality "1"]

1. e4 e6 2. d4 d5 3. Nc3 Nf6 4. Bg5 dxe4 5. Nxe4 Be7 6. Bxf6 gxf6 7. Nf3 f5 8. Nc3 a6 9. Qe2 b5 10. 0-0-0 b4 11. Na4 Qd5 12. c4 Qa5 13. Qe5 Qxe5 14. Nxe5 Bb7 15. d5 Nd7 16. Nxd7 Kxd7 17. g3 exd5 18. cxd5 Rad8 19. Bh3 Kd6 20. Bxf5 Bxd5 21. Rhe1 Bf6 22. Be4 Kc6 23. Rxd5 Rxd5 24. Rd1 Rhd8 25. b3 Bg7 26. Kc2 f5 27. Bg2 h5 28. Rd3 Bf6 29. Kd1 R8d7 30. h3 Rd8 31. Ke2 Re8+ 32. Kf1 Re4 33. Rxd5 Kxd5 34. g4 hxg4 35. hxg4 Kd4 36. Bxe4 fxe4 37. Ke2 Kd5 38. f4 Bd4 39. Kd2 Ke6 40. Ke2 Kd5 41. Kd2 Ke6 42. Ke2 Kd5 43. Kd2 1/2-1/2

[Event "Vlissingen HZ op 21st"]
[Site "Vlissingen"]
[Date "2017.08.07"]
[Round "4"]
[White "De Zwart, Johan"]
[Black "Cordes, Hans Joerg"]
[Result "0-1"]
[WhiteElo "1979"]
[BlackElo "2221"]
[PlyCount "82"]
[EventDate "2017.08.05"]
[EventType "swiss"]
[EventRounds "9"]
[EventCountry "NED"]
[SourceTitle "CBM 179 Extra"]
[Source "ChessBase"]
[SourceDate "2017.08.23"]
[SourceVersion "1"]
[SourceVersionDate "2017.08.23"]
[SourceQuality "1"]

1. e4 e6 2. d4 d5 3. Nc3 Nf6 4. e5 Nfd7 5. f4 c5 6. Nf3 Nc6 7. Be3 Be7 8. Qd2 a6 9. dxc5 Nxc5 10. Nd4 Nxd4 11. Bxd4 b5 12. a3 Bb7 13. Be2 0-0 14. 0-0 Rc8 15. Rad1 Qd7 16. Qe3 Qc6 17. Rd2 g6 18. Bf3 a5 19. Ne2 b4 20. axb4 axb4 21. c4 bxc3 22. bxc3 Ba6 23. Rb1 Rb8 24. Rdb2 Rxb2 25. Rxb2 Qa4 26. h3 Nb3 27. Kh2 Bc4 28. Rb1 Qa2 29. Re1 Nd2 30. Ng1 Nf1+ 31. Rxf1 Bxf1 32. f5 exf5 33. e6 f6 34. Bc5 Re8 35. Bxe7 Rxe7 36. Qc5 Qa7 37. Qxd5 Qc7+ 38. Kh1 Bc4 39. Qa8+ Kg7 40. Bd5 Bxd5 41. Qxd5 Qe5 0-1

[Event "WchT Seniors 50"]
[Site "Hersonissos"]
[Date "2017.05.02"]
[Round "9.1"]
[White "Khalifman, Alexander"]
[Black "Cordes, Hans Joerg"]
[Result "1-0"]
[WhiteElo "2617"]
[BlackElo "2231"]
[PlyCount "53"]
[EventDate "2017.04.24"]
[EventType "team-swiss"]
[EventRounds "9"]
[EventCountry "GRE"]
[SourceTitle "CBM 178 Extra"]
[Source "ChessBase"]
[SourceDate "2017.06.22"]
[SourceVersion "1"]
[SourceVersionDate "2017.06.22"]
[SourceQuality "1"]
[WhiteTeam "St Petersburg"]
[BlackTeam "Offenbach"]
[WhiteTeamCountry "RUS"]
[BlackTeamCountry "GER"]

1. Nf3 d5 2. d4 e6 3. c4 a6 4. g3 dxc4 5. Bg2 c5 6. 0-0 Nc6 7. dxc5 Qxd1 8. Rxd1 Bxc5 9. Nbd2 Nf6 10. Nxc4 Ng4 11. Nd6+ Ke7 12. Ne4 Ba7 13. b3 f5 14. Ba3+ Kf7 15. Nd6+ Kg6 16. e3 h6 17. h3 Nf6 18. Bb2 Rd8 19. Rac1 Nd5 20. Nxf5 exf5 21. Rxd5 Be6 22. Ne5+ Kh7 23. Nxc6 bxc6 24. Rxd8 Rxd8 25. Rxc6 Rd1+ 26. Kh2 Rd2 27. Bc1 1-0

[Event "WchT Seniors 50"]
[Site "Hersonissos"]
[Date "2017.04.26"]
[Round "3.1"]
[White "Wallner, Joachim"]
[Black "Cordes, Hans Joerg"]
[Result "1-0"]
[WhiteElo "2313"]
[BlackElo "2231"]
[PlyCount "73"]
[EventDate "2017.04.24"]
[EventType "team-swiss"]
[EventRounds "9"]
[EventCountry "GRE"]
[SourceTitle "CBM 178 Extra"]
[Source "ChessBase"]
[SourceDate "2017.06.22"]
[SourceVersion "1"]
[SourceVersionDate "2017.06.22"]
[SourceQuality "1"]
[WhiteTeam "Austria"]
[BlackTeam "Offenbach"]
[WhiteTeamCountry "AUT"]
[BlackTeamCountry "GER"]

1. b3 Nf6 2. g3 d5 3. Bg2 c6 4. Bb2 Bf5 5. Nf3 h6 6. d3 Nbd7 7. Nbd2 e6 8. 0-0 Be7 9. e4 dxe4 10. dxe4 Bh7 11. Qe2 0-0 12. Rfd1 Qc7 13. e5 Nd5 14. c4 Nb4 15. Ne4 a5 16. a3 Bxe4 17. Qxe4 Nc5 18. Qb1 Nxb3 19. axb4 Nxa1 20. Bxa1 Bxb4 21. g4 Rfd8 22. Rf1 Qe7 23. h4 Bd2 24. Qc2 Bb4 25. g5 a4 26. gxh6 gxh6 27. Qe4 a3 28. Qf4 Qf8 29. Kh2 a2 30. Rg1 Kh8 31. Bh3 Be7 32. Nd2 Ra4 33. Bf1 Rxd2 34. Qxd2 Bxh4 35. Bd3 Ra3 36. Qe3 Bg5 37. Qe4 1-0

[Event "WchT Seniors 50"]
[Site "Hersonissos"]
[Date "2017.04.25"]
[Round "2.1"]
[White "Cordes, Hans Joerg"]
[Black "Vaganian, Rafael A"]
[Result "0-1"]
[WhiteElo "2231"]
[BlackElo "2560"]
[PlyCount "64"]
[EventDate "2017.04.24"]
[EventType "team-swiss"]
[EventRounds "9"]
[EventCountry "GRE"]
[SourceTitle "CBM 178 Extra"]
[Source "ChessBase"]
[SourceDate "2017.06.22"]
[SourceVersion "1"]
[SourceVersionDate "2017.06.22"]
[SourceQuality "1"]
[WhiteTeam "Offenbach"]
[BlackTeam "Armenia"]
[WhiteTeamCountry "GER"]
[BlackTeamCountry "ARM"]

1. d4 e6 2. c4 f5 3. Nf3 Nf6 4. g3 d5 5. Bg2 Be7 6. 0-0 0-0 7. Qc2 c6 8. Nc3 b6 9. Rb1 Ba6 10. cxd5 cxd5 11. Ne5 Bb7 12. Bg5 Nbd7 13. Nxd7 Qxd7 14. Bxf6 Bxf6 15. e3 Rac8 16. Qd3 g5 17. f4 h5 18. Rbc1 h4 19. Rf2 Qg7 20. Rfc2 h3 21. fxg5 Bxg5 22. Bf3 f4 23. gxf4 Bxf4+ 24. Kh1 Bg5 25. Bg4 Rf6 26. Ne4 dxe4 27. Rxc8+ Kh7 28. Qe2 Bxc8 29. Rxc8 Bxe3 30. Rc3 Qxg4 31. Rc7+ Kh6 32. Qxe3+ Rf4 0-1

[Event "Hofheim Spring op-A 5th"]
[Site "Hofheim"]
[Date "2017.04.10"]
[Round "7"]
[White "Wiley, Tom E"]
[Black "Cordes, Hans Joerg"]
[Result "1/2-1/2"]
[WhiteElo "2156"]
[BlackElo "2231"]
[PlyCount "40"]
[EventDate "2017.04.07"]
[EventType "swiss"]
[EventRounds "9"]
[EventCountry "GER"]
[SourceTitle "CBM 177 Extra"]
[Source "ChessBase"]
[SourceDate "2017.04.27"]
[SourceVersion "1"]
[SourceVersionDate "2017.04.27"]
[SourceQuality "1"]

1. d4 e6 2. c4 f5 3. g3 Nf6 4. Bg2 c6 5. Nf3 d5 6. 0-0 Bd6 7. b3 Qe7 8. Bb2 0-0 9. Qc1 b6 10. Ba3 Bxa3 11. Qxa3 Qxa3 12. Nxa3 Bb7 13. Rfd1 Nbd7 14. Rac1 a5 15. cxd5 exd5 16. e3 Ne4 17. Ne1 Rac8 18. Nd3 Rfe8 19. Nb1 Ba6 20. Bf1 Ndf6 1/2-1/2

[Event "Hofheim Spring op-A 5th"]
[Site "Hofheim"]
[Date "2017.04.09"]
[Round "5"]
[White "Frank, Emanuel"]
[Black "Cordes, Hans Joerg"]
[Result "0-1"]
[WhiteElo "2133"]
[BlackElo "2231"]
[PlyCount "113"]
[EventDate "2017.04.07"]
[EventType "swiss"]
[EventRounds "9"]
[EventCountry "GER"]
[SourceTitle "CBM 177 Extra"]
[Source "ChessBase"]
[SourceDate "2017.04.27"]
[SourceVersion "1"]
[SourceVersionDate "2017.04.27"]
[SourceQuality "1"]

1. d4 e6 2. c4 f5 3. Nf3 Nf6 4. g3 d5 5. Bg2 Bd6 6. 0-0 c6 7. Nc3 0-0 8. Qc2 b6 9. cxd5 exd5 10. e3 Ne4 11. b3 Bb7 12. Bb2 Nd7 13. Ne2 Qe7 14. Nf4 Rac8 15. Rfd1 Ndf6 16. Nd3 Ng4 17. Nfe5 Bxe5 18. dxe5 Ba6 19. Rf1 Bxd3 20. Qxd3 Nxe5 21. Qd4 Nd7 22. b4 Ndf6 23. Rac1 Kh8 24. Rc2 Nd6 25. Rfc1 Nc4 26. Bf1 c5 27. bxc5 bxc5 28. Qf4 Nxb2 29. Rxb2 Ne4 30. Rcb1 Rc7 31. Rb8 Rcc8 32. R8b7 Qf6 33. h4 h6 34. Rxa7 c4 35. Rbb7 c3 36. Rc7 c2 37. Ra6 c1Q 38. Rxf6 Rxf6 39. Rxc1 Rxc1 40. Qb8+ Kh7 41. Qb2 Rd1 42. Qc2 Rd2 43. Qb1 Nxf2 44. a4 Ne4 45. h5 Nxg3 46. Bh3 Ne2+ 47. Kf1 Ng3+ 48. Kg1 d4 49. Qe1 Ne2+ 50. Kf2 Nc3+ 51. Kf3 Rd3 52. Kg2 Rxe3 53. Qf2 Re2 54. a5 Rxf2+ 55. Kxf2 f4 56. Bc8 d3 57. a6 0-1

[Event "Hofheim Spring op-A 5th"]
[Site "Hofheim"]
[Date "2017.04.08"]
[Round "3"]
[White "Hesse, Henrik"]
[Black "Cordes, Hans Joerg"]
[Result "1/2-1/2"]
[WhiteElo "2085"]
[BlackElo "2231"]
[PlyCount "105"]
[EventDate "2017.04.07"]
[EventType "swiss"]
[EventRounds "9"]
[EventCountry "GER"]
[SourceTitle "CBM 177 Extra"]
[Source "ChessBase"]
[SourceDate "2017.04.27"]
[SourceVersion "1"]
[SourceVersionDate "2017.04.27"]
[SourceQuality "1"]

1. c4 e6 2. g3 d5 3. Bg2 c5 4. Nf3 Nc6 5. cxd5 exd5 6. d4 Nf6 7. Nc3 Be7 8. 0-0 0-0 9. dxc5 Bxc5 10. Bg5 d4 11. Ne4 Be7 12. Nxf6+ Bxf6 13. Bxf6 Qxf6 14. Rc1 Re8 15. Re1 Bg4 16. Qb3 Re7 17. h3 Be6 18. Qb5 Rd8 19. Nd2 Qh6 20. Nb3 Bxh3 21. Bxc6 bxc6 22. Rxc6 g6 23. Rd6 Qf8 24. Rxd4 Rb8 25. Qg5 Be6 26. Nc5 Rxb2 27. Ne4 f5 28. Nf6+ Kg7 29. Rh4 Bg8 30. Nh5+ Kh8 31. Nf4 Kg7 32. Rd1 Rb6 33. Rc1 Bxa2 34. Rc8 Qxc8 35. Qxe7+ Bf7 36. Qxa7 Qc6 37. Rxh7+ Kxh7 38. Qxf7+ Kh6 39. Qf8+ Kg5 40. Qd8+ Qf6 41. Qd2 Rb1+ 42. Kh2 Kh6 43. Nh3+ g5 44. Qd7 Rb2 45. Qd3 Rb4 46. Nxg5 Ra4 47. Qe3 f4 48. gxf4 Qxf4+ 49. Qxf4 Rxf4 50. Nh3 Ra4 51. Kg3 Kg6 52. e3 Kf5 53. f3 1/2-1/2